Los orígenes del pensamiento griego
Salvato in:
| Autore principale: | |
|---|---|
| Natura: | Libro |
| Lingua: | spagnolo |
| Pubblicazione: |
Barcelona
Paidos
1992
|
| Serie: | Paidós Studio, 88
|
| Soggetti: | |
| Tags: |
Aggiungi Tag
Nessun Tag, puoi essere il primo ad aggiungerne!!
|
MARC
| LEADER | 00000nam a2200000 a 4500 | ||
|---|---|---|---|
| 001 | UCV9760 | ||
| 003 | CL-VaPUC | ||
| 008 | 930428e19920000SP |||||||||||||||||spa|d | ||
| 082 | 0 | 4 | |a 180.938 |b VER |2 21 |
| 100 | 0 | |a Vernant, Jean-Pierre |e author |9 303782 | |
| 245 | 1 | 4 | |a Los orígenes del pensamiento griego |
| 300 | |a 145 p | ||
| 942 | |c BK | ||
| 945 | |d 19930428 00:00:00 | ||
| 260 | |a Barcelona |b Paidos |c 1992 | ||
| 650 | 0 | |a Filosofía antigua |9 255705 | |
| 583 | |a last modification |c 19930428 00:00:00 |k Rodrigo Vera | ||
| 490 | 0 | |a Paidós Studio, 88 | |
| 999 | |c 215060 |d 215058 | ||
| 952 | |0 0 |1 0 |4 0 |6 180_938000000000000_VER_1992 |7 0 |8 P |9 198997 |a BIBARQ |b BIBARQ |d 2019-11-14 |i 2663309 |o 180.938 VER 1992 |p 2663309 |r 2025-01-20 |w 2019-11-14 |y BK |k ARQ | ||